अंकुर (Record no. 113672)

MARC details
000 -LEADER
fixed length control field 00446nam a2200181Ia 4500
008 - FIXED-LENGTH DATA ELEMENTS--GENERAL INFORMATION
fixed length control field 090124s9999 xx 000 0 und d
082 ## - DEWEY DECIMAL CLASSIFICATION NUMBER
Item number 47418
100 ## - MAIN ENTRY--PERSONAL NAME
Personal name भडभडे सुमन
245 ## - TITLE STATEMENT
Title अंकुर
250 ## - EDITION STATEMENT
Edition statement 1
260 ## - PUBLICATION, DISTRIBUTION, ETC. (IMPRINT)
Date of publication, distribution, etc 2008
300 ## - PHYSICAL DESCRIPTION
Extent 144
600 ## - SUBJECT ADDED ENTRY--PERSONAL NAME
Personal name भडभडे सुमन
630 ## - SUBJECT ADDED ENTRY--UNIFORM TITLE
Uniform title अंकुर
700 ## - ADDED ENTRY--PERSONAL NAME
Personal name भडभडे सुमन
730 ## - ADDED ENTRY--UNIFORM TITLE
Uniform title अंकुर
942 ## - ADDED ENTRY ELEMENTS (KOHA)
Koha item type Book

No items available.